000
00339nam a2200145 a 4500
008
000426s1988||||xx 0 und c
040
_a
SNK
_b
slo
_c
SNK
_e
AACR2
100
1
_a
Forsyth, Frederick
245
1
0
_a
Žádné stopy
260
_a
Praha
_b
Mladá Fronta
_c
1988
300
_a
229 s.
020
_c
27
044
_a
xo
_c
SK
041
_a
slo
999
_c
10676
_d
10676